00352 a2200109 4500001000900000005001700009008004100026245006100067100002500128773007200153999001700225ART_768120260410161720.0260409a 10aLas mediciones y la calidad de la información contable1 aBarbei, Alejandro A.0 tContabilidad y auditoríag- Año 14, Nº 28 (dic. 2008)wREV1723 c16913d16913